000 01654nam a22004094a 4500
001 ebr10171699
003 CaPaEBR
006 m u
007 cr cn|||||||||
008 040923s2005 ne ab sb 000 0 eng
010 _z 2004059608
020 _z9004142754 (pbk. : alk. paper)
040 _aCaPaEBR
_cCaPaEBR
035 _a(OCoLC)228171560
043 _af------
050 1 4 _aHQ799.A25
_bV36 2005eb
082 0 4 _a305.235/096
_222
245 0 0 _aVanguard or vandals
_h[electronic resource] :
_byouth, politics, and conflict in Africa /
_cedited by Jon Abbink, Ineke van Kessel.
260 _aLeiden ;
_aBoston :
_bBrill,
_c2005.
300 _aix, 300 p. :
_bill., maps.
490 1 _aAfrican dynamics,
_x1568-1777 ;
_v4
500 _aBased on an African Studies Centre conference held in Leiden in April 2003.
504 _aIncludes bibliographical references.
533 _aElectronic reproduction.
_bPalo Alto, Calif. :
_cebrary,
_d2013.
_nAvailable via World Wide Web.
_nAccess may be limited to ebrary affiliated libraries.
650 0 _aYouth
_zAfrica.
650 0 _aYouth
_zAfrica
_xPolitical activity.
650 0 _aYoung adults
_zAfrica
_xPolitical activity.
650 0 _aConflict of generations
_zAfrica.
650 0 _aYouth and violence
_zAfrica.
655 7 _aElectronic books.
_2local
700 1 _aAbbink, J.
700 1 _aKessel, Ineke van.
710 2 _aRijksuniversiteit te Leiden.
_bAfrika-Studiecentrum.
710 2 _aebrary, Inc.
830 0 _aAfrican dynamics ;
_v4.
856 4 0 _uhttp://site.ebrary.com/lib/rucke/Doc?id=10171699
_zAn electronic book accessible through the World Wide Web; click to view
999 _c249287
_d249287